| 000 | 00840nam a2200229 a 4500 | ||
|---|---|---|---|
| 001 | BRCA_844 | ||
| 005 | 20190320203156.0 | ||
| 008 | 980504s1997 sp-a---##b---#001-0#spa-# | ||
| 020 | _a847719615X | ||
| 040 |
_aDLC _cDLC |
||
| 050 | 4 |
_aNK7136 _b.P36 1997 |
|
| 100 | 1 |
_aPaniagua Pérez, Jesús _92812 |
|
| 245 | 1 | 0 |
_aEl trabajo de la plata en el sur del Ecuador durante el siglo XIX _cJesús Paniagua Pérez ; dibujos de Pablo Blanc Mas y Emilio Vergara Pérez. |
| 260 |
_aLeón _bUniversidad de León : Secretariado de Publicaciones _c1997 |
||
| 300 |
_a184 p. _bil. _c24 cm. |
||
| 500 | _aincluye índice onomástico y geográfico | ||
| 504 | _aBibliografía: p. 138-144 | ||
| 650 | 1 | 4 |
_aTrabajo en plata _xHistoria _ySiglo XIX _zEcuador _92813 |
| 700 | 1 |
_aBlanc Mas, Pablo _92814 |
|
| 700 | 1 |
_aVergara Pérez, Emilio _92815 |
|
| 942 |
_2lcc _cB |
||
| 999 |
_c739 _d739 |
||